000 00566nam a22001817a 4500
005 20251108165019.0
008 250721s1985 xx 000 0 ara d
082 1 4 _a539.0956/مصط
100 1 _aمصطفى، عدنان
245 1 0 _aالطاقة النووية العربية عامل بقاء جديد /
250 _aط2.
264 1 _aبيروت :
_bمركز دراسات الوحدة العربية،
_c1985.
300 _a156ص
650 1 7 _aالطاقة النووية
650 1 7 _aالبلدان العربية
942 _2ddc
_cBK
999 _c19897
_d19897